Ruta cultural del Perú
Kaydedildi:
| Yazar: | |
|---|---|
| Materyal Türü: | Kitap |
| Dil: | İspanyolca |
| Baskı/Yayın Bilgisi: |
Ciudad de México
Fondo de Cultura Económica
1945
|
| Seri Bilgileri: | Tierra Firma, 7
|
| Konular: | |
| Etiketler: |
Etiketle
Etiket eklenmemiş, İlk siz ekleyin!
|
MARC
| LEADER | 00000nam a2200000 a 4500 | ||
|---|---|---|---|
| 001 | UCP6424 | ||
| 003 | CL-VaPUC | ||
| 008 | 991022e19450000MX |||||||||||||||||spa|d | ||
| 082 | 0 | 4 | |a 306.0985 |b VAL |2 21 |
| 100 | 0 | |a Valcarcel, Luis E |e author |9 435572 | |
| 245 | 1 | 0 | |a Ruta cultural del Perú |
| 300 | |a 279 p | ||
| 942 | |c BK | ||
| 945 | |d 19991022 00:00:00 |a crobeson | ||
| 260 | |a Ciudad de México |b Fondo de Cultura Económica |c 1945 | ||
| 650 | 0 | |a Antropología cultural y social |9 265143 | |
| 650 | 7 | |a CULTURA PERUANA |2 CL-VaPUC |9 435573 | |
| 650 | 7 | |a HISTORIA PERUANA |2 CL-VaPUC |9 396299 | |
| 650 | 0 | |a Demografía |9 260008 | |
| 650 | 0 | |a Geografía |9 259346 | |
| 651 | 0 | |a Perú |9 256567 | |
| 583 | |a last modification |c 19991022 00:00:00 |k Rodrigo Vera | ||
| 490 | 0 | |a Tierra Firma, 7 | |
| 999 | |c 284011 |d 284009 | ||
| 952 | |0 0 |1 0 |4 0 |6 306_098500000000000_VAL_1945 |7 0 |8 X |9 327606 |a BIBHIS |b BIBHIS |d 2019-11-20 |i 1370235 |o 306.0985 VAL 1945 |p 1370235 |r 2024-01-30 |w 2019-11-20 |y BK_X |k HIS | ||